Austria - Hungary UEFA Euro 2016 - Statistics

General Stats
  • This quiz has been taken 77 times
  • The average score is 13 of 30
Answer Stats
Answer % Correct
David Alaba
84%
Ádám Szalai ¹
79%
Marko Arnautović
73%
Florian Klein
69%
Gábor Király
69%
Balázs Dzsudzsák
57%
Ádám Nagy
54%
László Kleinheisler
54%
Zoltán Gera
51%
Zoltán Stieber ¹
46%
Aleksandar Dragović
45%
Attila Fiola
42%
Christian Fuchs
42%
Ádám Lang
40%
Bernd Storck
40%
Tamás Kádár
40%
Julian Baumgartlinger
39%
Marc Janko
39%
Marcel Sabitzer
37%
Robert Almer
37%
Martin Hinteregger
34%
Richárd Guzmics
34%
Krisztián Németh
31%
Tamás Priskin
31%
Martin Harnik
30%
Zlatko Junuzović
30%
Alessandro Schöpf
28%
Marcel Koller
24%
Ádám Pintér
19%
Rubin Okotie
12%
No matching quizzes found
Score Distribution
Percent of People with Each Score
Percentile by Number Answered
Your Score History
You have not taken this quiz